000
00331cam a2200133ua 4500
003
OSt
008
221111b |||||||| |||| 00| 0 eng d
041
_a
eng
082
_a
367.72
_b
FOO/FA
245
_a
Fact Finding with Rural People /
260
_a
:
_b
Food and agriculture Organization ,
_c
1957.
300
_a
137 ; .
942
_c
BK
999
_c
3353
_d
3353